| 000 | 00982nam a2200313Ia 4500 | ||
|---|---|---|---|
| 008 | 170203s9999 xx 000 0 und d | ||
| 020 | _a0 439357918 | ||
| 050 | _a811 | ||
| 050 | _bK39 2004 | ||
| 100 | _aKerley, Barbara. | ||
| 245 | _aWalt Whitman : | ||
| 245 | _bwords for America / | ||
| 245 | _cby Barbara Kerley ; illustrated by Brian Selznick. | ||
| 260 | _aNew York : | ||
| 260 | _bScholastic Press, | ||
| 260 | _c2004 | ||
| 300 | _a1 volume (unpaged) : | ||
| 300 | _bcolor illustrations ; | ||
| 300 | _c31 cm. | ||
| 650 | _aNurses -- United States -- Biography -- | ||
| 650 | _aPoets, American -- 19th century -- Biography -- | ||
| 650 | _aUnited States -- History -- Civil War, 1861-1865 -- Medical care -- | ||
| 650 | _aWhitman, Walt, -- 1819-1892 -- | ||
| 650 | _aWhitman, Walt, -- 1819-1892. | ||
| 650 | _xJuvenile literature. | ||
| 650 | _xJuvenile literature. | ||
| 650 | _xJuvenile literature. | ||
| 650 | _xJuvenile literature. | ||
| 999 |
_c305954 _d305954 |
||